000 00743nam a2200205Ia 4500
001 15555
003 GE_BSU
008 181216s||||||||xx |||||||||||||| ||und||
040 _cGE_BSU
080 _a821.353.1-1
100 _aცეცხლაძე, გრიგოლ
245 _aსხვადასხვა წლების ლექსები
245 _cრედ.ალიო ადამია. მხატვ.ვ.მელიქიშვილი
260 _aთბილისი
260 _bლიტერატურა და ხელოვნება
260 _c1967
300 _a224გვ. 17სმ.
653 _aსხვადასხვა წლების ლექსები
942 _cBK
999 _c48655
_d48655